000 00641nam a2200217Ia 4500
005 20260429111932.0
008 260429s9999||||xx |||||||||||||| ||und||
020 _a9788197250477
041 _aEnglish
082 _a333.75
_bROH
100 _aRohinikrishnan, R.
245 0 _aKavus (sacred groves) of Kerala :
_bhistorical study of their tradition and culture /
_cR. Rohinikrishnan
250 _a1st ed.
260 _aChennai :
_bT R Publications,
_c2024.
300 _axvii, 742 p.; hb
650 _a Environmental history
650 _a Kerala-Culture
650 _a Religious ecology
650 _aSacred groves
942 _cTB
999 _c51508
_d51508